000 01655cam a22004217a 4500
003 CHAP
005 20220329141936.0
008 980821d1997 mx rs 00110 spa d
010 _a76023
011 _a76995
020 _a9701317106
035 _a86590
040 _cCHAP
082 0 4 _a317.2
_bI57 Sin.
110 2 _aInstituto Nacional de Estadística, Geografía e Informática. México
_959304
245 1 0 _aPerspectiva estadística de Sinaloa
_c/por Instituto Nacional de Estadística Geografía e Informática
260 _aAguascalientes, Ags. :
_bInstituto Nacional de Estadística Geografía e Informática,
_c1997.
300 _a105 p. :
_bcuadros ; gráfs.
590 _aBATCH-UPD
_b10
_c20130110
_lUCH01
_h0207
590 _aBATCH-UPD
_b10
_c20130110
_lUCH01
_h2114
590 _aBATCH-UPD
_b10
_c20130410
_lUCH01
_h1424
590 _aBATCH-UPD
_b10
_c20130914
_lUCH01
_h0720
590 _aBATCH-UPD
_b10
_c20130914
_lUCH01
_h2150
590 _aCONVERSION
_b10
_c20130109
_lUCH01
_h1342
650 1 4 _aAgricultura
_xEstadisticas
_zSinaloa.
_91466
650 1 4 _aBosques
_xEstadísticas
_xSinaloa.
_914160
650 1 4 _aEmpleo
_xSinaloa.
_936578
650 1 4 _aGanadería
_xEstadísticas
_zSinaloa.
_944725
650 1 4 _aPoblación
_xEstadísticas
_zSinaloa.
_989397
650 1 4 _aSinaloa
_xEstadísticas.
_9106536
650 1 4 _aSinaloa
_xHistoria.
_9106537
650 1 4 _aVivienda
_xSinaloa.
_9120146
901 _aBK
905 _aAlejandra Carrasco M.
942 _cLIBRO
949 _a317.2 I57 Sin.
_bBC
_cINEGI
_d33724000699641
_eINEGI
_fc.2
_h93812
_i86590
_sb
_t$34.00
949 _a317.2 I57 Sin.
_bBC
_cINEGI
_d33724000699740
_eINEGI
_h93811
_i86590
_sb
_t$34.00
999 _c76023
_d76023